000 00836nac a22002537a 4500
001 BR6005121
003 BR-BrBNA
005 20240105113120.0
008 230509b bl.|||m| |||| 00| 0 por d
040 _aBR-BrBNA
_bpor
_cBiblioteca Nacional de Agricultura
072 _aL73
090 _a5214 BR6005121
100 1 _aCorrea, O.
110 1 _aSecretaria de Estado dos Negocios da Agricultura, Industria e Comercio, Porto Alegre, RS (Brasil). Seccao de Informacoes e Propaganda Agricola
_98949
245 1 _aPrincipais doencas da vaca leiteira
260 3 _aPorto Alegre, RS (Brasil):
_c1944.
300 _a89 p.
490 _aSIPA. Serie B (Brazil)
_vno. 111
_x
650 _aDoenca animal
650 _aGado leiteiro
650 _aVaca leiteira
909 _a202312
_bLúcia Elande
_c55
_dLúcia Elande
942 _2AGRIS
_n0
_cMS
999 _c261967
_d261967